Občiansky súdny poriadok a súvisiace predpisy
Saved in:
| Main Author: | |
|---|---|
| Format: | Book |
| Language: | Slovak |
| Published: |
Bratislava
Eurounion
1992
|
| Edition: | 1. vyd. |
| Subjects: | |
| Tags: |
No Tags, Be the first to tag this record!
|
MARC
| LEADER | 00000nam a2200000 4500 | ||
|---|---|---|---|
| 001 | c001007 | ||
| 005 | 20221214090202.1 | ||
| 020 | |a 80-85568-04-7 | ||
| 041 | 0 | |a slo | |
| 044 | |a SK | ||
| 245 | 1 | 0 | |a Občiansky súdny poriadok a súvisiace predpisy |c Václav Nesrovnal |
| 250 | |a 1. vyd. | ||
| 264 | 1 | |a Bratislava |b Eurounion |c 1992 | |
| 300 | |a 203 s. | ||
| 610 | 2 | 0 | |a konanie súdne občianske |
| 610 | 2 | 0 | |a právo občianske |
| 610 | 2 | 0 | |a predpisy právne |
| 610 | 2 | 0 | |a poplatky |
| 610 | 2 | 0 | |a znalci |
| 610 | 2 | 0 | |a advokáti |
| 100 | 1 | |a Nesrovnal, Václav | |